000 00353nam a22001217a 4500
082 _aTHE 200
100 _aSIDRA MINHAS
_970469
245 _aTH-SOF-0770-IMPROVED TISSUE SEGMENTATION TECHNIQUE FOR BRAIN MRI
260 _aNUST COLLEGE OF EME
_bISLAMABAD
_c2001
650 _a MS-CSE-10 MSTHESIS
_970287
700 _a DR AASIA KHANUM
_917318
942 _cCF
999 _c578793
_d578793